English for academic research (Record no. 4772)

MARC details
000 -CABECERA
campo de control de longitud fija 03387nam a22003615i 4500
001 - NÚMERO DE CONTROL
campo de control 991107399758006196
005 - FECHA Y HORA DE LA ÚLTIMA TRANSACCIÓN
campo de control 20250626094433.0
006 - CÓDIGOS DE INFORMACIÓN DE LONGITUD FIJA--CARACTERÍSTICAS DEL MATERIAL ADICIONAL
campo de control de longitud fija m o d |
007 - CAMPO FIJO DE DESCRIPCIÓN FÍSICA--INFORMACIÓN GENERAL
campo de control de longitud fija cr#cnu||||||||
008 - DATOS DE LONGITUD FIJA--INFORMACIÓN GENERAL
campo de control de longitud fija 240523s2024 sz | o |||| 0|eng d
020 ## - NÚMERO INTERNACIONAL ESTÁNDAR DEL LIBRO
Número Internacional Estándar del Libro 9783031531705
035 ## - NÚMERO DE CONTROL DEL SISTEMA
Número de control de sistema (MiAaPQ)EBC31353385
035 ## - NÚMERO DE CONTROL DEL SISTEMA
Número de control de sistema (Au-PeEL)EBL31353385
035 ## - NÚMERO DE CONTROL DEL SISTEMA
Número de control de sistema (CKB)32142948000041
035 ## - NÚMERO DE CONTROL DEL SISTEMA
Número de control de sistema (DE-He213)978-3-031-53171-2
035 ## - NÚMERO DE CONTROL DEL SISTEMA
Número de control de sistema (EXLCZ)9932142948000041
040 ## - FUENTE DE LA CATALOGACIÓN
Centro catalogador/agencia de origen MiAaPQ
Lengua de catalogación eng
Normas de descripción rda
-- pn
Centro/agencia transcriptor MiAaPQ
Centro/agencia modificador MiAaPQ
041 ## - CÓDIGO DE LENGUA
Código de lengua del texto/banda sonora o título independiente eng
050 ## - SIGNATURA TOPOGRÁFICA DE LA BIBLIOTECA DEL CONGRESO
Número de clasificación PE1449
Número de documento/Ítem .W345 2024
100 ## - ENTRADA PRINCIPAL--NOMBRE DE PERSONA
Nombre de persona Wallwork, Adrian
9 (RLIN) 25063
Término indicativo de función/relación author
245 10 - MENCIÓN DE TÍTULO
Título English for academic research
Resto del título : vocabulary exercises
Mención de responsabilidad, etc. / Adrian Wallwork.
250 ## - MENCIÓN DE EDICIÓN
Mención de edición Second edition.
260 ## - PUBLICACIÓN, DISTRIBUCIÓN, ETC.
Lugar de publicación, distribución, etc. Cham :
Nombre del editor, distribuidor, etc. Springer Nature Switzerland :
-- Imprint: Springer,
Fecha de publicación, distribución, etc. 2024.
300 ## - DESCRIPCIÓN FÍSICA
Extensión 261 pages :
Otras características físicas 24 cm.
490 ## - MENCIÓN DE SERIE
Mención de serie English for Academic Research,
Número Internacional Normalizado para Publicaciones Seriadas 2625-3453.
505 0# - NOTA DE CONTENIDO CON FORMATO
Nota de contenido con formato 1. Adjectives and Adverbs — 2. Link Words — 3. Nouns — 4. Prepositions — 5. Verbs — 6. False Friends and Synonyms — 7. Spelling — 8. Useful Phrases — 9. Emails — 10. Vocabulary in context — 11. Chatbots for correcting and paraphrasing — 12. Using AI for translating and paraphrasing — 13. Using inclusive vocabulary — About this book — Index.
520 ## - SUMARIO, ETC.
Sumario, etc. This book is based on a study of referees' reports and letters from journal editors on reasons why papers written by non-native researchers are rejected due to problems with English (long sentences, redundancy, poor structure etc.). It draws on English-related errors from around 5000 papers written by non-native authors, around 3000 emails, 500 abstracts by PhD students, and over 1500 hours of teaching researchers how to write and present research papers. The exercises are organized into thirteen chapters on: adjectives and adverbs (e.g. actual vs current, different vs several, continually vs continuously), link words (e.g. on the contrary vs on the other hand, despite vs nevertheless), nouns (e.g. danger vs hazard, measure vs measurement), prepositions (e.g. among vs between, in vs into, with vs within), verbs (e.g. check vs control, compose vs comprise, arise vs raise, exclude vs rule out), false friends and synonyms, spelling, useful phrases, inclusive vocabulary, emails, using Large Language Models for correcting, paraphrasing, and translating. Nearly all exercises require no actual writing but simply choosing between various options, thus facilitating self-study, e-reading and rapid progress. The exercises can also be integrated into English for Academic Purposes (EAP) and English for Special Purposes (ESP) courses at universities and research institutes. The book can be used in conjunction with the other exercise books in the series: English for Academic Research: Writing Exercises English for Academic Research: Grammar Exercises Adrian Wallwork edits scientific papers and teaches English for Academic Purposes (EAP) to PhD students. In addition to his many books for Springer, he has written course books for Oxford University Press and discussion books for Cambridge University Press. .
650 #0 - PUNTO DE ACCESO ADICIONAL DE MATERIA--TÉRMINO DE MATERIA
Término de materia o nombre geográfico como elemento de entrada Language and languages
Subdivisión general Study and teaching
9 (RLIN) 25211
650 #0 - PUNTO DE ACCESO ADICIONAL DE MATERIA--TÉRMINO DE MATERIA
Término de materia o nombre geográfico como elemento de entrada Vocabulary
Subdivisión de forma Problems, exercises, etc.
9 (RLIN) 25524
650 #0 - PUNTO DE ACCESO ADICIONAL DE MATERIA--TÉRMINO DE MATERIA
Término de materia o nombre geográfico como elemento de entrada English language
Subdivisión de forma Problems, exercises, etc.
9 (RLIN) 25525
655 #0 - TÉRMINO DE INDIZACIÓN--GÉNERO/FORMA
Datos o término principal de género/forma Problems and exercises
9 (RLIN) 25333
942 ## - ELEMENTOS DE ENTRADA AGREGADA (KOHA)
Fuente del sistema de clasificación o colocación Clasificación de Library of Congress
Holdings
Estado de retiro Estado de pérdida Fuente del sistema de clasificación o colocación Estado dañado No para préstamo Biblioteca de origen Biblioteca actual Fecha de adquisición Total de préstamos Renovaciones totales Signatura topográfica completa Código de barras Fecha visto por última vez Fecha del último préstamo Número de copia Precio válido a partir de Tipo de ítem Koha
    Clasificación de Library of Congress     TBS Barcelona TBS Barcelona 19/06/2025 1 2 PE1449 WAL B05783 23/01/2026 23/09/2025 1 19/06/2025 Book

Powered by Koha